School science (Record no. 25848)

MARC details
000 -LEADER
fixed length control field 00478nam a22001577a 4500
005 - DATE AND TIME OF LATEST TRANSACTION
control field 20090423111246.0
008 - FIXED-LENGTH DATA ELEMENTS--GENERAL INFORMATION
fixed length control field 090423t xxu||||| |||| 00| 0 eng d
022 ## - INTERNATIONAL STANDARD SERIAL NUMBER
International Standard Serial Number 0972-5060
040 ## - CATALOGING SOURCE
Original cataloging agency dpl
245 ## - TITLE STATEMENT
Title School science
260 ## - PUBLICATION, DISTRIBUTION, ETC. (IMPRINT)
Place of publication, distribution, etc New Delhi
Name of publisher, distributor, etc National Council of Educational Research and Training
Date of publication, distribution, etc 2007-
300 ## - PHYSICAL DESCRIPTION
Extent v.
Dimensions 24 cm
310 ## - CURRENT PUBLICATION FREQUENCY
Current publication frequency quarterly
942 ## - ADDED ENTRY ELEMENTS (KOHA)
Source of classification or shelving scheme Dewey Decimal Classification
Item type Periodicals
Serial record 1
Holdings
Withdrawn status Lost status Source of classification or shelving scheme Damaged status Not for loan Collection code Home library Current library Date acquired Total Checkouts Date last seen Price effective from Koha item type
    Dewey Decimal Classification   Not For Loan Non-fiction D.B.Act.Division D.B.Act.Division 23/04/2009   23/04/2009 23/04/2009 Periodicals

© Delhi Public Library
Hit Counter
free hit counter